000
00339nam a2200133Ia 4500
008
220216s9999 xx 000 0 und d
100
_a
Mernagh L R
245
0
_a
Radial tyres and their influence on polymer usage
260
_b
Rubber Developments
_c
1965
300
_a
98-100
650
_a
Polymer
650
_a
Radial tyres
942
_c
JS
999
_c
66240
_d
66240